<?xml version="1.0" encoding="UTF-8"?>
<marc:record xmlns:marc="http://www.loc.gov/MARC21/slim">
   <marc:leader>00000nam a2200000 a 4500</marc:leader>
   <marc:datafield ind1="1" ind2=" " tag="100">
      <marc:subfield code="a">Kupka, Anna Camilla</marc:subfield>
      <marc:subfield code="4">aut</marc:subfield>
      <marc:subfield code="e">Verfasser/-in</marc:subfield>
   </marc:datafield>
   <marc:datafield ind1="0" ind2="0" tag="245">
      <marc:subfield code="a">Molly verzaubert ihre Welt</marc:subfield>
   </marc:datafield>
   <marc:datafield ind1=" " ind2="1" tag="264">
      <marc:subfield code="b">Butterfly</marc:subfield>
   </marc:datafield>
   <marc:datafield ind1="1" ind2=" " tag="520">
      <marc:subfield code="a">Die Fortsetzung des SPIEGEL-Bestsellers 'Mollys wundersame Reise' ist da! Nach Mollys wundersamer Reise in ihr Innenleben fragt sie sich, wie es anderen Menschen wohl geht. Fühlen und denken sie genauso wie sie selbst oder sind die Menschen alle ganz unterschiedlich? Und schon findet Molly sich in einem Abenteuer wieder, das ihr nicht nur die Antwort auf diese Frage gibt, sondern ihr zu ihrem Erstaunen auch zeigt, wie sie die Welt um sich herum verändern und regelrecht verzaubern kann. Eine berührende Geschichte über die Macht der Liebe und die Bedeutung des Mitgefühls. Nicht nur für Kinder, sondern auch für Erwachsene, die manchmal an ihrer Umwelt zu verzweifeln scheinen.</marc:subfield>
   </marc:datafield>
   <marc:datafield ind1="3" ind2=" " tag="024">
      <marc:subfield code="a">9783969668795</marc:subfield>
   </marc:datafield>
</marc:record>
